| 000 | 01395cam a22003857i 4500 | ||
|---|---|---|---|
| 999 |
_c57453 _d57453 |
||
| 001 | 19549709 | ||
| 005 | 20221107171724.0 | ||
| 008 | 170310s2018 inua 001 0 eng d | ||
| 010 | _a 2017936607 | ||
| 020 | _a1119386799 X | ||
| 020 |
_a9781119386797 X _q(paperback) |
||
| 020 | _a9781119495000 X | ||
| 041 | _aeng | ||
| 080 | _a004.92 O-55 | ||
| 082 | 0 | 4 |
_a620.00420285536 _223 |
| 100 | 1 |
_aOmura, George, _eauthor. _98699 |
|
| 245 | 1 | 0 |
_aMastering AutoCAD 2018 and AutoCAD LT 2018 / _cGeorge Omura with Brian C. Benton. |
| 264 | 1 |
_aIndianapolis, Indiana : _bAutodesk Official Press/Sybex, _c[2018] |
|
| 300 |
_axxxi, 1048 pages : _billustrations ; _c24 cm |
||
| 336 |
_atext _btxt _2rdacontent |
||
| 337 |
_aunmediated _bn _2rdamedia |
||
| 338 |
_avolume _bnc _2rdacarrier |
||
| 500 | _aIncludes index. | ||
| 630 | 0 | 0 |
_aAutoCAD. _98700 |
| 630 | 0 | 7 |
_aAutoCAD. _2fast _0(OCoLC)fst01369529 _98700 |
| 650 | 0 |
_aComputer graphics. _98701 |
|
| 650 | 0 |
_aComputer-aided design. _98702 |
|
| 650 | 7 |
_aComputer-aided design. _2fast _0(OCoLC)fst00872701 _98702 |
|
| 650 | 7 |
_aComputer graphics. _2fast _0(OCoLC)fst00872119 _98701 |
|
| 653 | _aკომპიუტერული გრაფიკა | ||
| 700 | 1 |
_aBenton, Brian C., _eauthor. _98703 |
|
| 906 |
_a7 _bcbc _ccopycat _d2 _encip _f20 _gy-gencatlg |
||
| 942 |
_2udc _cBK |
||
| 955 |
_brk07 2017-08-30 z-processor _irk07 2017-09-01 to dewey |
||